Plan of the town and county of the town of Nottingham (Record no. 114608)

MARC details
000 -LEADER
fixed length control field 01024cem a22002295a 4500
001 - CONTROL NUMBER
control field L157118
008 - FIXED-LENGTH DATA ELEMENTS--GENERAL INFORMATION
fixed length control field 120904s1861 xxk f 000 0 eng d
035 ## - SYSTEM CONTROL NUMBER
System control number (Sirsi) u157118
041 0# - LANGUAGE CODE
Language code of text/sound track or separate title eng
100 1# - MAIN ENTRY--PERSONAL NAME
Personal name Jackson, Frederick
245 00 - TITLE STATEMENT
Title Plan of the town and county of the town of Nottingham
Remainder of title and the several extra parochial places within the liberties of the Castle, together with parts of the parishes of Sneinton, Radford, Wilford and Lenton, in the County of Nottingham, from surveys made between the years 1851 & 1861
260 ## - PUBLICATION, DISTRIBUTION, ETC.
Place of publication, distribution, etc. Nottingham
Name of publisher, distributor, etc. F. Jackson
Date of publication, distribution, etc. 1866
300 ## - PHYSICAL DESCRIPTION
Extent 1 map
Other physical details col.
Dimensions 66 x 52 cm. folded to 23 x 14 cm.
520 ## - SUMMARY, ETC.
Summary, etc. At head of title: To the right worshipful the mayor, aldermen and Common Council of Nottingham.
520 ## - SUMMARY, ETC.
Summary, etc. Cover title: "Jackson's Plan of Nottingham".
520 ## - SUMMARY, ETC.
Summary, etc. Shows ward and parish boundaries.
520 ## - SUMMARY, ETC.
Summary, etc. Scale [ca. 1:9600].
583 ## - ACTION NOTE
Action Condition reviewed
Time/date of action 20120620
Status condition level
651 #4 - SUBJECT ADDED ENTRY--GEOGRAPHIC NAME
Geographic name Nottingham
690 ## - LOCAL SUBJECT ADDED ENTRY--TOPICAL TERM (OCLC, RLIN)
Topical term or geographic name as entry element Geomatics
9 (RLIN) 6242
942 ## - ADDED ENTRY ELEMENTS (KOHA)
Suppress in OPAC 0
Holdings
Withdrawn status Lost status Source of classification or shelving scheme Damaged status Not for loan Home library Current library Shelving location Date acquired Total Checkouts Full call number Barcode Date last seen Copy number Price effective from Koha item type
    Dewey Decimal Classification     Historic collection Historic collection Historic collection 04/09/2012   MAP 1861 JACKSON 30077047 06/08/2019 1 06/08/2019 Book